000 00294nam a22001337a 4500
008 170404b xxu||||| |||| 00| 0 eng d
020 _a9780205200191
041 _aeng
080 _a574
100 _a9
101 _ashm
245 _aPRIMATE BEHAVIORAL ECOLOGY
_cSTRIES, K.B
942 _2udc
_cBK
999 _c9618
_d9618